| 000 | 02446nam0a2200433 4500 | ||
|---|---|---|---|
| 001 | RU\NLR\bibl\730170 | ||
| 005 | 20250613235526.0 | ||
| 010 |
_a5-87978-242-5 _9130 |
||
| 021 |
_aRU _b2004-45018 _92234 |
||
| 035 | _aRSL-KNO-002457403 | ||
| 035 | _a(NLR Aleph) 000720145 | ||
| 090 |
_a697834 _c697834 |
||
| 100 | _a20040728d2004 |||y0rusy50 ca | ||
| 101 | 0 | _arus | |
| 102 | _aRU | ||
| 105 | _ay ||||||||| | ||
| 106 | _ar | ||
| 200 | 1 |
_aФилософия и история педагогики _eматериалы Региональной конференции _f[редкол. : ...Хазиев В. С., д.филос.н., проф. (науч. ред.) и др.] |
|
| 210 |
_aУфа _cИзд-во БГПУ _d2004 _eООО ПКЦ БумЦентр |
||
| 215 |
_a410 с. _d21 |
||
| 300 | _aВ надзаг.: М-во образования и науки Рос. Федерации, Башк. гос. пед. ун-т, Башк. отд-ние Рос. гуманист. о-ва, Каф. философии, социологии и политологии | ||
| 320 | _aБиблиогр. в конце докл. | ||
| 606 | 0 |
_aПедагогика _jСъезды, совещания и т.п. _xФилософские основы _92078364 _3RU\NLR\auth\661254212 |
|
| 606 | 0 |
_aПедагогика _jСборники _xИстория _yРоссийская Федерация _92293975 _3RU\NLR\auth\661373703 |
|
| 606 | 0 |
_aПедагогика _jСъезды, совещания и т.п. _xИстория _yРоссийская Федерация _92293975 _3RU\NLR\auth\661373703 |
|
| 610 | 0 | _aФилософия -- Материалы конференции -- Материалы конференции | |
| 610 | 0 | _aКультура. Наука. Просвещение -- Народное образование. Педагогические науки -- История народного образования и педагогической мысли -- Материалы конференции | |
| 686 |
_aЮ0я431(2) _2rubbk |
||
| 686 |
_aЧ33я431(2) _2rubbk |
||
| 686 |
_aЮ252 _bЧ30я431 |
||
| 686 | _aЧ33(2)я431 | ||
| 701 | 1 |
_aХазиев _bВ. С. _gВалерий Семенович _4340 |
|
| 801 | 0 |
_aRU _bRuMoRKP _c20040728 _grcr |
|
| 801 | 1 |
_aRU _bRuMoRGB _c20040728 |
|
| 801 | 2 |
_aRU _bNLR _c20050301 _gPSBO |
|
| 942 | _cBOOK | ||
| 980 | _aNB | ||
| 980 | _aNBR | ||